Introducción al estudio antropológico de la religión

Saved in:
Bibliografiske detaljer
Hovedforfatter: Morris, Brian (autor)
Format: Bog
Sprog:spansk
Udgivet: Barcelona Paidós 1995
Udgivelse:1a. ed
Serier:Paidós Básica, 75
Fag:
Tags: Tilføj Tag
Ingen Tags, Vær først til at tagge denne postø!

MARC

LEADER 00000nam a2200000 a 4500
001 UCI2175
003 CL-VaPUC
008 070810e19950000SP |||||||||||||||||spa|d
020 |a 8449300991 
082 0 4 |a 215.7  |b MOR  |2 21 
100 |a Morris, Brian  |e autor  |9 523091 
245 1 0 |a Introducción al estudio antropológico de la religión 
250 |a 1a. ed 
300 |a 444 p 
942 |c BK 
945 |d 20070810 00:00:00  |a rbrito 
260 |a Barcelona  |b Paidós  |c 1995 
650 0 |a Antropología filosófica  |9 265842 
650 0 |a Filosofía de la religión   |9 256017 
650 0 |a Metafísica  |9 265649 
650 0 |a Teodicea  |9 315235 
650 0 |a Sociología   |9 255410 
650 0 |a Religión   |9 255164 
650 0 |a Psicología   |9 257863 
650 0 |a Hermenéutica  |9 269473 
583 |a last modification  |c 20070810 00:00:00  |k Rodrigo Vera 
490 0 |a Paidós Básica, 75 
999 |c 326817  |d 326815 
952 |0 0  |1 2  |4 0  |6 215_700000000000000_MOR_1995  |7 0  |8 A  |9 408961  |a BIBTEO  |b BIBTEO  |d 2019-11-22  |i 4361946  |o 215.7 MOR 1995  |p 4361946  |r 2019-11-22  |w 2019-11-22  |y BK  |k ICR